000 00352nam a2200157Ia 4500
100 _aDonovan/ H. Ed.
650 _aGeneral
942 _cRB
654 _aFabulous century
245 _aThis fabulous century 1870-1900
260 _bTime-life books
_aNew Jersey
_c1974
082 _a970.05
_bTim
300 _a290
546 _aENGLISH
999 _c28310
_d28310